[Event "Glorney Cup"]
[Site "Cardiff"]
[Date "2022.07.20"]
[Round "4.3"]
[White "Murray, Benjamin"]
[Black "MacDonald, Duncan"]
[Result "1-0"]
[WhiteElo "1877"]
[BlackElo "1569"]
[PlyCount "57"]
[EventDate "2022.07.19"]
[EventType "team-tourn"]
[EventRounds "6"]
[EventCountry "WLS"]
[SourceTitle "CBM 210 Extra"]
[Source "ChessBase"]
[SourceDate "2022.11.30"]
[SourceVersion "1"]
[SourceVersionDate "2022.11.30"]
[SourceQuality "1"]
[WhiteTeam "Ireland"]
[BlackTeam "Wales"]
[WhiteTeamCountry "IRL"]
[BlackTeamCountry "WLS"]

1. e4 d5 2. exd5 Nf6 3. d4 Bg4 4. Bb5+ Bd7 5. Bxd7+ Qxd7 6. c4 c6 7. dxc6 Nxc6 8. Nf3 0-0-0 9. Be3 e5 10. d5 e4 11. Nfd2 Ne5 12. 0-0 a6 13. Nc3 Qf5 14. Qc2 Bb4 15. Ncxe4 Kb8 16. f3 Rc8 17. Qb3 Bxd2 18. Nxd2 Ned7 19. Rfe1 Rhe8 20. Rac1 Ka8 21. Bf2 Rxe1+ 22. Rxe1 Qf4 23. Qe3 Qxe3 24. Rxe3 Re8 25. Rxe8+ Nxe8 26. Ne4 Kb8 27. Kf1 Kc7 28. Ke2 Nd6 29. Bg3 1-0

[Event "Glorney Cup"]
[Site "Cardiff"]
[Date "2022.07.20"]
[Round "3.3"]
[White "Murray, Benjamin"]
[Black "Merriman, James"]
[Result "1-0"]
[WhiteElo "1877"]
[BlackElo "1935"]
[PlyCount "129"]
[EventDate "2022.07.19"]
[EventType "team-tourn"]
[EventRounds "6"]
[EventCountry "WLS"]
[SourceTitle "CBM 210 Extra"]
[Source "ChessBase"]
[SourceDate "2022.11.30"]
[SourceVersion "1"]
[SourceVersionDate "2022.11.30"]
[SourceQuality "1"]
[WhiteTeam "Ireland"]
[BlackTeam "England"]
[WhiteTeamCountry "IRL"]
[BlackTeamCountry "ENG"]

1. e4 e6 2. d4 d5 3. Nd2 Be7 4. Bd3 c5 5. c3 Nc6 6. Ngf3 Nf6 7. 0-0 0-0 8. e5 Nd7 9. Re1 a5 10. Nf1 f5 11. a3 c4 12. Bb1 b5 13. Qc2 g6 14. h3 Nb6 15. N3h2 Bd7 16. Bh6 Rf7 17. g4 Bg5 18. Bxg5 Qxg5 19. Kh1 f4 20. Nf3 Qe7 21. h4 Rg7 22. g5 b4 23. N1h2 b3 24. Qd2 Na4 25. Ng4 Nd8 26. Kg2 Nf7 27. Rh1 Kf8 28. Nf6 Ra7 29. Kf1 Be8 30. Ke1 Qb7 31. Kd1 Ke7 32. Kc1 Kd8 33. Qxf4 Nxc3 34. Kd2 Na4 35. Nxd5 Nxe5 36. Qf6+ Kc8 37. Qxe6+ Bd7 38. Qxe5 Nxb2 39. Qxg7 Qxd5 40. Qf8+ Kb7 41. Re1 Qb5 42. Be4+ Kc7 43. Qc5+ Qxc5 44. dxc5 Na4 45. Rab1 c3+ 46. Ke3 Nxc5 47. Nd4 a4 48. Rbc1 Nxe4 49. Kxe4 c2 50. Kd3 Kd6 51. Kc3 Ra5 52. Kb2 Rd5 53. Nf3 Rf5 54. Re3 Bc6 55. Nd4 Rxf2 56. Nxc6 Kxc6 57. Re7 Rf4 58. Rxh7 Kd5 59. Rh6 Ke4 60. Rxg6 Rxh4 61. Rg1 Kd3 62. Rd6+ Kc4 63. g6 Rh2 64. g7 c1Q+ 65. Kxc1 1-0

[Event "Dublin-ch Final Weekender 100th"]
[Site "Dublin"]
[Date "2021.08.22"]
[Round "4"]
[White "Murray, Benjamin"]
[Black "Moran, Darragh"]
[Result "1-0"]
[WhiteElo "1709"]
[BlackElo "1859"]
[PlyCount "55"]
[EventDate "2021.08.20"]
[EventType "swiss"]
[EventRounds "5"]
[EventCountry "IRL"]
[SourceTitle "CBM 204 Extra"]
[Source "ChessBase"]
[SourceDate "2021.11.30"]
[SourceVersion "1"]
[SourceVersionDate "2021.11.30"]
[SourceQuality "1"]

1. e4 e6 2. d4 d5 3. Nd2 c5 4. c3 cxd4 5. cxd4 dxe4 6. Nxe4 Nf6 7. Bd3 Bb4+ 8. Nc3 Nc6 9. Nf3 0-0 10. 0-0 a6 11. a3 Be7 12. Re1 b5 13. Bg5 Bb7 14. Bc2 b4 15. Qd3 g6 16. Na4 Qa5 17. Bxf6 Bxf6 18. Nc5 Qb6 19. Nd7 Qd8 20. Nxf8 Qxf8 21. Rad1 Rd8 22. Qe3 Qd6 23. Be4 bxa3 24. bxa3 Be7 25. Rb1 Ba8 26. Rb6 a5 27. Rc1 Rc8 28. Ne5 1-0

[Event "Dublin-ch Final Weekender 100th"]
[Site "Dublin"]
[Date "2021.08.21"]
[Round "3"]
[White "O'Neill, Sam"]
[Black "Murray, Benjamin"]
[Result "1/2-1/2"]
[WhiteElo "1889"]
[BlackElo "1709"]
[PlyCount "45"]
[EventDate "2021.08.20"]
[EventType "swiss"]
[EventRounds "5"]
[EventCountry "IRL"]
[SourceTitle "CBM 204 Extra"]
[Source "ChessBase"]
[SourceDate "2021.11.30"]
[SourceVersion "1"]
[SourceVersionDate "2021.11.30"]
[SourceQuality "1"]

1. e4 e6 2. d4 d5 3. exd5 exd5 4. Bd3 Bd6 5. Nf3 Ne7 6. c3 Nbc6 7. Bg5 0-0 8. Nbd2 f6 9. Bh4 Bf5 10. Qc2 Bxd3 11. Qxd3 Ng6 12. 0-0 Qd7 13. Bg3 Rae8 14. Bxd6 Qxd6 15. g3 f5 16. Rae1 f4 17. Rxe8 Rxe8 18. Re1 Rxe1+ 19. Nxe1 Qe6 20. Ng2 Qg4 21. Qf3 Qxf3 22. Nxf3 fxg3 23. fxg3 1/2-1/2

[Event "Dublin-ch Final Weekender 100th"]
[Site "Dublin"]
[Date "2021.08.20"]
[Round "1"]
[White "Brady, Fearghal"]
[Black "Murray, Benjamin"]
[Result "0-1"]
[WhiteElo "1463"]
[BlackElo "1709"]
[PlyCount "84"]
[EventDate "2021.08.20"]
[EventType "swiss"]
[EventRounds "5"]
[EventCountry "IRL"]
[SourceTitle "CBM 204 Extra"]
[Source "ChessBase"]
[SourceDate "2021.11.30"]
[SourceVersion "1"]
[SourceVersionDate "2021.11.30"]
[SourceQuality "1"]

1. Nf3 Nf6 2. g3 g6 3. Bg2 Bg7 4. 0-0 0-0 5. d4 d6 6. c4 Bg4 7. Nc3 Qc8 8. e4 c5 9. d5 Na6 10. Be3 Nd7 11. h3 Bxf3 12. Qxf3 Nc7 13. Qe2 a6 14. a4 Rb8 15. a5 b5 16. cxb5 axb5 17. Bg5 f6 18. Bf4 b4 19. Nd1 Nb5 20. a6 Nd4 21. Qd3 f5 22. a7 Ra8 23. Ne3 Qb7 24. Nc4 fxe4 25. Bxe4 Rxa7 26. Na5 Qa8 27. Nb3 Nxb3 28. Rxa7 Qxa7 29. Qxb3 Ra8 30. Re1 Qa2 31. Bc2 Qxb3 32. Bxb3 Kf7 33. Bg5 Ne5 34. Kg2 c4 35. Bc2 Ra2 36. Bc1 b3 37. Bb1 Ra5 38. Rd1 Nd7 39. Kf3 Nf6 40. Be4 Nxe4 41. Kxe4 Ra1 42. Ke3 Bxb2 0-1

[Event "EU-ch Online U14"]
[Site "Tornelo INT"]
[Date "2020.09.19"]
[Round "5"]
[White "Murray, Benjamin"]
[Black "Safarov, Deniel"]
[Result "0-1"]
[WhiteElo "1778"]
[BlackElo "1650"]
[PlyCount "89"]
[EventDate "2020.09.18"]
[EventType "swiss (rapid)"]
[EventRounds "9"]
[EventCountry "NET"]
[SourceTitle "EXT 2023"]
[Source "ChessBase"]
[SourceDate "2022.10.05"]
[SourceVersion "1"]
[SourceVersionDate "2022.10.05"]
[SourceQuality "1"]
[WhiteTeam "Irland"]
[BlackTeam "Georgia"]
[WhiteTeamCountry "IRL"]
[BlackTeamCountry "GEO"]

1. e4 c5 2. Nf3 Nc6 3. d4 cxd4 4. Nxd4 Nf6 5. Nc3 d6 6. Bg5 e6 7. Qd2 a6 8. 0-0-0 h6 9. Be3 Bd7 10. f3 Qc7 11. g4 b5 12. h4 Rc8 13. Rg1 Nxd4 14. Bxd4 Qa5 15. a3 d5 16. exd5 b4 17. dxe6 Bxe6 18. Bxf6 Bc5 19. Bxa6 gxf6 20. Bxc8 bxc3 21. Bd7+ Kf8 22. Qxc3 Qxc3 23. bxc3 Bxg1 24. Bxe6 Be3+ 25. Kb2 fxe6 26. Rd8+ Kg7 27. Rxh8 Kxh8 28. h5 Kg7 29. Kb3 Kf7 30. Kb4 Ke7 31. c4 Kd6 32. a4 Kc6 33. c3 Bd2 34. a5 Be3 35. Ka4 f5 36. Kb3 fxg4 37. fxg4 Kc5 38. a6 Kb6 39. c5+ Bxc5 40. g5 hxg5 41. h6 Bf8 42. h7 Bg7 43. Kc4 Kxa6 44. Kd3 Kb5 45. Ke2 0-1

[Event "EU-ch Online U14"]
[Site "Tornelo INT"]
[Date "2020.09.18"]
[Round "3"]
[White "Murray, Benjamin"]
[Black "Alcon Llosada, Jaume"]
[Result "1-0"]
[WhiteElo "1778"]
[BlackElo "1456"]
[PlyCount "173"]
[EventDate "2020.09.18"]
[EventType "swiss (rapid)"]
[EventRounds "9"]
[EventCountry "NET"]
[SourceTitle "EXT 2023"]
[Source "ChessBase"]
[SourceDate "2022.10.05"]
[SourceVersion "1"]
[SourceVersionDate "2022.10.05"]
[SourceQuality "1"]
[WhiteTeam "Irland"]
[BlackTeam "Andorra"]
[WhiteTeamCountry "IRL"]
[BlackTeamCountry "AND"]

1. e4 c6 2. c4 d5 3. cxd5 cxd5 4. exd5 Qxd5 5. Nc3 Qa5 6. Nf3 Nc6 7. Bc4 Bg4 8. h3 Bh5 9. 0-0 e6 10. Re1 Nf6 11. a3 0-0-0 12. d3 Bc5 13. Bf4 Qb6 14. Rf1 e5 15. Bg5 e4 16. Bxf6 exf3 17. Bxd8 Qxd8 18. g4 Nd4 19. Qd2 Qh4 20. Qf4 Qxh3 21. Qh2 Qxg4+ 22. Kh1 Bd6 23. Rg1 Bxh2 24. Rxg4 Bxg4 25. Kxh2 Rd8 26. Bxf7 Ne2 27. Bc4 Rd6 28. Nxe2 fxe2 29. Re1 h5 30. Kg3 Rf6 31. Bd5 Rg6 32. Kf4 Rf6+ 33. Ke3 Rd6 34. Be4 h4 35. f3 Bd7 36. Rxe2 h3 37. f4 Rh6 38. Rh2 g6 39. Kf3 Kc7 40. Kg3 b5 41. d4 Kd6 42. b4 Ke6 43. Rxh3 Rxh3+ 44. Kxh3 Kf6+ 45. Kh4 Bf5 46. Bc6 Bd3 47. Bd7 Ke7 48. Bc6 Kd6 49. Bf3 Ke6 50. Kg5 Kd6 51. Bg2 Ke6 52. Bc6 Kd6 53. Be8 Kd5 54. Bxg6 Bc4 55. f5 Kxd4 56. f6 Kc3 57. Be8 a6 58. Kg6 Kb2 59. Bf7 Bd3+ 60. Kg7 Kxa3 61. Be6 Bc4 62. Bxc4 bxc4 63. f7 c3 64. f8Q c2 65. Qc5 Kb2 66. Qf2 Kb1 67. Qf5 Kb2 68. Qe5+ Kb1 69. Qe4 Kb2 70. Qd4+ Kb1 71. Qd3 Kb2 72. Qd2 Kb1 73. b5 axb5 74. Qb4+ Ka1 75. Qc3+ Kb1 76. Qb3+ Kc1 77. Kf6 Kd2 78. Qb2 Kd1 79. Qd4+ Ke2 80. Qc3 Kd1 81. Qd3+ Kc1 82. Ke5 b4 83. Kd4 Kb1 84. Kc4 Kb2 85. Qb3+ Kc1 86. Kd3 Kd1 87. Qxc2+ 1-0

[Event "EU-ch Online U14"]
[Site "Tornelo INT"]
[Date "2020.09.18"]
[Round "2"]
[White "Palchuk, Andrii"]
[Black "Murray, Benjamin"]
[Result "1-0"]
[WhiteElo "2084"]
[BlackElo "1778"]
[PlyCount "135"]
[EventDate "2020.09.18"]
[EventType "swiss (rapid)"]
[EventRounds "9"]
[EventCountry "NET"]
[SourceTitle "EXT 2023"]
[Source "ChessBase"]
[SourceDate "2022.10.05"]
[SourceVersion "1"]
[SourceVersionDate "2022.10.05"]
[SourceQuality "1"]
[WhiteTeam "Ukraine"]
[BlackTeam "Irland"]
[WhiteTeamCountry "UKR"]
[BlackTeamCountry "IRL"]

1. e4 e6 2. d4 d5 3. Nd2 c5 4. exd5 exd5 5. Ngf3 Nf6 6. Bb5+ Bd7 7. Bxd7+ Nbxd7 8. 0-0 Be7 9. dxc5 Nxc5 10. Nb3 Nce4 11. c3 0-0 12. h3 Rc8 13. Be3 a6 14. Qd3 Bd6 15. Rfd1 Bb8 16. Rac1 Re8 17. Nbd2 Qe7 18. Nf1 Rcd8 19. Re1 Qd6 20. Rcd1 h6 21. Bd4 Nh5 22. Be3 Qg6 23. c4 d4 24. Nxd4 Be5 25. Qe2 Bxd4 26. Rxd4 Nf4 27. Qg4 Qxg4 28. hxg4 Rxd4 29. Bxd4 Nf6 30. Rxe8+ Nxe8 31. Ng3 Ne6 32. Be3 Nd6 33. b3 Kf8 34. f3 Ke8 35. Kf2 Kd7 36. Ke2 Kc6 37. Kd3 b5 38. cxb5+ Nxb5 39. Ne2 Nbc7 40. Nd4+ Kd5 41. Nxe6 Nxe6 42. b4 Nd8 43. a4 Nc6 44. Kc3 Ne5 45. b5 axb5 46. axb5 Nd7 47. Kb4 Kd6 48. Kc4 Ne5+ 49. Kd4 Nd7 50. Bf4+ Ke6 51. Bc7 Nf8 52. b6 Kd7 53. Kd5 Ne6 54. Be5 Kc8 55. Kc6 Nd8+ 56. Kd6 Kb7 57. Bxg7 Kxb6 58. Bxh6 Nc6 59. f4 Kb5 60. f5 Kb6 61. Be3+ Kb7 62. g5 Nb4 63. g6 f6 64. g7 Na6 65. g8Q Nc7 66. Qf7 Ka8 67. Kc6 Nb5 68. Qb7# 1-0

[Event "Dublin St Andrews op-B"]
[Site "Dublin"]
[Date "2019.09.20"]
[Round "1"]
[White "Higgins, Stephen"]
[Black "Murray, Benjamin"]
[Result "0-1"]
[WhiteElo "1386"]
[BlackElo "1767"]
[PlyCount "77"]
[EventDate "2019.09.20"]
[EventType "swiss"]
[EventRounds "6"]
[EventCountry "IRL"]
[SourceTitle "EXT 2020"]
[Source "ChessBase"]
[SourceDate "2019.10.17"]
[SourceVersion "1"]
[SourceVersionDate "2019.10.17"]
[SourceQuality "1"]

1. c4 e6 2. Nc3 d5 3. cxd5 exd5 4. g3 Nf6 5. Bg2 Be7 6. Nf3 0-0 7. 0-0 c5 8. d3 Nc6 9. Bf4 Bf5 10. Re1 d4 11. Nb1 Nd5 12. Bc1 Rc8 13. Nbd2 b5 14. Nb3 Nb6 15. e4 dxe3 16. Bxe3 Nb4 17. Re2 Qxd3 18. Rd2 Qc4 19. Rc1 Qe6 20. Nxc5 Bxc5 21. Bxc5 Nxa2 22. Nd4 Qf6 23. Ra1 Rxc5 24. Rxa2 Nc4 25. b4 Nxd2 26. bxc5 Qxd4 27. Qxd2 Qxc5 28. h3 b4 29. Rb2 a5 30. Qd1 Rc8 31. Rd2 Qc7 32. Bc6 g6 33. Ba4 Bxh3 34. Qb3 Qc1+ 35. Rd1 Qc3 36. Qb1 Qf3 37. Bc6 Qxc6 38. f3 Qxf3 39. Qb2 0-1

[Event "Robinson Cup U14"]
[Site "Dundalk"]
[Date "2019.07.24"]
[Round "5.2"]
[White "Connolly Sams, Dietah"]
[Black "Murray, Benjamin"]
[Result "1-0"]
[WhiteElo "1511"]
[BlackElo "1661"]
[PlyCount "115"]
[EventDate "2019.07.22"]
[EventType "team-tourn"]
[EventRounds "5"]
[EventCountry "IRL"]
[SourceTitle "EXT 2022"]
[Source "ChessBase"]
[SourceDate "2021.10.06"]
[SourceVersion "1"]
[SourceVersionDate "2021.10.06"]
[SourceQuality "1"]
[WhiteTeam "Scotland (U14)"]
[BlackTeam "Ireland (U14)"]
[WhiteTeamCountry "SCO"]
[BlackTeamCountry "IRL"]

1. d4 d5 2. c4 e6 3. Nc3 Nf6 4. cxd5 exd5 5. Bg5 Nbd7 6. Nf3 Be7 7. e3 0-0 8. Bd3 c6 9. h3 Re8 10. Qc2 Ne4 11. Bf4 Ndf6 12. 0-0 Bf8 13. Rab1 b6 14. Rfd1 Bb7 15. b4 Bd6 16. Bxd6 Nxd6 17. Ne5 Rc8 18. Qe2 Qe7 19. Rbc1 Nde4 20. Nxe4 dxe4 21. Bc4 Nd5 22. b5 c5 23. Nc6 Bxc6 24. bxc6 Nf6 25. dxc5 bxc5 26. Bb5 Red8 27. Rxd8+ Rxd8 28. Ba4 Rb8 29. Qc2 Nd5 30. Qxc5 Rb1 31. Qc2 Rxc1+ 32. Qxc1 g6 33. Qc4 Nb6 34. c7 Nc8 35. Bc2 Qe8 36. Bxe4 Nd6 37. Qc6 Qe6 38. Bd5 Qe7 39. c8Q+ Nxc8 40. Qxc8+ Kg7 41. Qc3+ Kg8 42. Qa5 Qf6 43. Bb3 Qa1+ 44. Kh2 Qf6 45. Qxa7 Qxf2 46. Qxf7+ Qxf7 47. Bxf7+ Kg7 48. Bd5 g5 49. a4 g4 50. hxg4 h5 51. gxh5 Kh6 52. a5 Kg5 53. a6 Kh4 54. a7 Kg4 55. a8Q Kh4 56. Qa4+ Kg5 57. Qf4+ Kxh5 58. Bf7# 1-0